Drugs of natural origin : (Record no. 20199)

MARC details
000 -LEADER
fixed length control field 00468nam a22001577a 4500
008 - FIXED-LENGTH DATA ELEMENTS--GENERAL INFORMATION
fixed length control field 230731b |||||||| |||| 00| 0 eng d
020 ## - INTERNATIONAL STANDARD BOOK NUMBER
International Standard Book Number 978-9198094251
050 ## - LIBRARY OF CONGRESS CALL NUMBER
Classification number RS160
Item number .S26 2015
100 ## - MAIN ENTRY--PERSONAL NAME
Personal name Samuelsson, Gunnar
245 ## - TITLE STATEMENT
Title Drugs of natural origin :
Remainder of title A treatise of pharmacognosy/ by
Statement of responsibility, etc. Gunnar Samuelsson and Lars Bohlin
250 ## - EDITION STATEMENT
Edition statement 7th ed.
260 ## - PUBLICATION, DISTRIBUTION, ETC. (IMPRINT)
Place of publication, distribution, etc. Sweden:
Name of publisher, distributor, etc. Apotekarsocieteten,
Date of publication, distribution, etc. 2015.
300 ## - PHYSICAL DESCRIPTION
Extent 807p.
700 ## - ADDED ENTRY--PERSONAL NAME
Personal name Bohlin, Lars
942 ## - ADDED ENTRY ELEMENTS (KOHA)
Source of classification or shelving scheme Library of Congress Classification
Koha item type General Collection
Holdings
Withdrawn status Lost status Source of classification or shelving scheme Not for loan Home library Current library Shelving location Date acquired Cost, normal purchase price Inventory number Total Checkouts Full call number Barcode Date last seen Copy number Price effective from Koha item type
    Library of Congress Classification   Kabarak, Main Campus Kabarak, Main Campus General Stacks 31/07/2023 4091.00 2028/2022   RS160 .S26 2015 C.1 032658 31/07/2023 C.1 31/07/2023 General Collection
    Library of Congress Classification   Kabarak, Main Campus Kabarak, Main Campus General Stacks 07/02/2025 32058.00 2025/2047   RS160 .S26 2015 C.2 33373 07/02/2025 C.2 07/02/2025 General Collection
    Library of Congress Classification   Kabarak, Main Campus Kabarak, Main Campus General Stacks 10/06/2025 31677.00 2025/2015   RS160 .S26 2015 C.3 33788 10/06/2025 C.3 10/06/2025 General Collection
Designed with assistance from East African Informatics Ltd